| 000 | 01169cam a2200301 i 4500 | ||
|---|---|---|---|
| 001 | 57476 | ||
| 003 | Mx-PuUPA | ||
| 005 | 20250930090245.0 | ||
| 008 | 140415s1970 mx ao gr 000 0 spa d | ||
| 040 |
_aMx-PuUPA _bspa _cMx-PuUPA _dMx-PuUPA _erda |
||
| 041 | 0 | _aspa | |
| 043 |
_2mx-mxbn _bn-mx-pu |
||
| 110 | 2 |
_aAsociación Regional de Caminos de Puebla. _bXIV Asamblea General Ordinaria. _d1970 |
|
| 240 |
_aObra. _kInforme. _pPuebla. |
||
| 245 | 1 | 0 |
_aInforme 1968-1969 / _cAsociación Regional de Caminos de Puebla ; Francisco Bernat Solsona, presidente |
| 246 | 1 | 4 | _aXIV Asamblea General Ordinaria 1970. |
| 264 | 1 |
_a[Puebla, Pue.] : _bAsociación Regional de Caminos de Puebla, _c1970 |
|
| 300 |
_a1 volumen sin numerar : _bilustraciones (en blanco y negro) ; _c23 cm |
||
| 336 |
_2rdacontent _atexto _btxt |
||
| 336 |
_2rdacontent _aimagen fija _bsti |
||
| 337 |
_2rdamedia _asin medio _bn |
||
| 338 |
_2rdacarrier _avolumen _bnc |
||
| 650 | 7 |
_2armarc _aAdministración pública _zPuebla |
|
| 700 | 1 |
_aBernat Solsona, Francisco, _epresidente de consejo |
|
| 942 |
_2ddc _cLI _h320.97248 _iI43 |
||
| 999 |
_c57476 _d57476 |
||